000 00701nam a2200289Ia 4500
005 20260324150636.0
008 008 260324s9999 xx 000 0 eng d
020 _a9781315748658
037 _aEBOOK
040 _aCRL
040 _beng
040 _cCRL
041 _2eng
041 _aeng
084 _qCRL
100 _aR.L.S. Bruce-Mitford
_91227110
245 0 _aRecent Archaeological Excavations in Britain
245 0 _bSelected Excavations, 1939-1955
260 _bTaylor and Francis
260 _c1956
365 _a
365 _b240
856 _uhttp://www.taylorfrancis.com/books/9781315748658
942 _cEBOOK
999 _c1836929
_d1836929